| 000 | 00679nam a22001817a 4500 | ||
|---|---|---|---|
| 999 |
_c61317 _d61317 |
||
| 005 | 20240206122938.0 | ||
| 008 | 240206s2005 gw ||||| |||| 00| 0 ger d | ||
| 020 | _a3823361287 | ||
| 041 | _ager | ||
| 080 | _a811.112.1 R-75 | ||
| 100 |
_aRomer, Christine _921203 |
||
| 245 |
_aLexikologie des Deutschen : _bEine Einfuehrung. 2., Aktualisierte und erganzte Auflage. Narr Studienbucher / _cChristine RÖMER, Brigitte MATZKE. |
||
| 264 |
_aTübingen : _bGunter Narr, _c2005. |
||
| 300 |
_a237 p.; _b25 cm. |
||
| 653 | _aგერმანულის ლექსიკოლოგია | ||
| 700 |
_aMatzke, Brigitte _eავტორი _921204 |
||
| 942 |
_2udc _cᲬᲘᲒᲜᲘ |
||